[Event "V4Liptov2018"]
[Site "?"]
[Date "2018.06.25"]
[Round "6.1"]
[White "Sosovicka, Jakub"]
[Black "Szczurek, Krzysztof"]
[Result "0-1"]
[BlackElo "2075"]
[WhiteElo "2078"]
[LiveChessVersion "1.4.8"]

1. e4 {[%clk 1:00:57]} c5 {[%clk 1:00:54]} 2. Nf3 {[%clk 1:01:21]} d6
{[%clk 1:01:19]} 3. d4 {[%clk 1:01:42]} cxd4 {[%clk 1:01:44]} 4. Nxd4
{[%clk 1:02:07]} Nf6 {[%clk 1:02:09]} 5. Nc3 {[%clk 1:02:31]} a6 {[%clk 1:02:34]}
6. Nb3 {[%clk 1:02:45]} e6 {[%clk 1:02:31]} 7. g4 {[%clk 1:02:31]} Be7
{[%clk 1:01:51]} 8. f4 {[%clk 0:53:56]} b5 {[%clk 0:57:49]} 9. Bg2
{[%clk 0:52:27]} Bb7 {[%clk 0:58:04]} 10. g5 {[%clk 0:51:28]} Nfd7
{[%clk 0:58:15]} 11. Be3 {[%clk 0:50:36]} Nc6 {[%clk 0:57:36]} 12. Qe2
{[%clk 0:47:45]} Qc7 {[%clk 0:57:00]} 13. O-O-O {[%clk 0:46:24]} O-O-O
{[%clk 0:55:50]} 14. Qf2 {[%clk 0:42:47]} Kb8 {[%clk 0:53:40]} 15. Kb1
{[%clk 0:41:27]} Rc8 {[%clk 0:47:15]} 16. Bh3 {[%clk 0:36:03]} Nd8
{[%clk 0:39:40]} 17. Bg2 {[%clk 0:32:17]} Nc6 {[%clk 0:37:24]} 18. h4
{[%clk 0:29:52]} Na5 {[%clk 0:35:03]} 19. Nxa5 {[%clk 0:22:25]} Qxa5
{[%clk 0:35:27]} 20. Bd4 {[%clk 0:21:34]} Rhg8 {[%clk 0:27:11]} 21. f5
{[%clk 0:20:15]} b4 {[%clk 0:26:12]} 22. fxe6 {[%clk 0:16:27]} fxe6
{[%clk 0:25:34]} 23. Qf7 {[%clk 0:14:36]} Rge8 {[%clk 0:19:15]} 24. Ne2
{[%clk 0:12:14]} Qc7 {[%clk 0:17:21]} 25. Rd2 {[%clk 0:11:04]} Bf8
{[%clk 0:16:07]} 26. Rh3 {[%clk 0:08:28]} a5 {[%clk 0:12:28]} 27. Bxg7
{[%clk 0:02:33]} Re7 {[%clk 0:07:16]} 28. Bxf8 {[%clk 0:02:55]} Rxf7
{[%clk 0:07:42]} 29. Bxd6 {[%clk 0:03:19]} Qxd6 {[%clk 0:07:58]} 30. Rxd6
{[%clk 0:03:44]} Rf2 {[%clk 0:08:22]} 31. Rxd7 {[%clk 0:00:41]} Rxe2
{[%clk 0:07:10]} 32. Bf3 {[%clk 0:00:53]} Rexc2 {[%clk 0:07:16]} 33. Rd1
{[%clk 0:00:45]} Rf2 {[%clk 0:02:03]} 34. Bh1 {[%clk 0:00:36]} Rcc2
{[%clk 0:02:24]} 35. Rb3 {[%clk 0:01:00]} Ba6 {[%clk 0:02:06]} 36. h5
{[%clk 0:00:41]} Bc4 {[%clk 0:01:52]} 37. g6 {[%clk 0:00:35]} Bxb3
{[%clk 0:02:00]} 38. axb3 {[%clk 0:00:37]} Rc7 {[%clk 0:02:05]} 39. e5
{[%clk 0:00:35]} hxg6 {[%clk 0:01:32]} 40. hxg6 {[%clk 0:00:56]} Rg7
{[%clk 0:01:47]} 41. Be4 {[%clk 0:00:41]} Re2 {[%clk 0:02:10]} 42. Rd4
{[%clk 0:01:02]} Rc7 {[%clk 0:02:11]} 43. Ka2 {[%clk 0:00:47]} Re1
{[%clk 0:02:21]} 44. Bb1 {[%clk 0:00:35]} Rxe5 {[%clk 0:02:44]} 45. Rd8+
{[%clk 0:00:42]} Ka7 {[%clk 0:02:46]} 46. Bd3 {[%clk 0:00:51]} Rd5
{[%clk 0:00:52]} 47. Rxd5 {[%clk 0:00:50]} exd5 {[%clk 0:01:15]} 48. Bb5
{[%clk 0:00:43]} Rc1 {[%clk 0:01:22]} 49. Be8 {[%clk 0:00:35]} Rg1
{[%clk 0:01:44]} 50. Bf7 {[%clk 0:00:34]} d4 {[%clk 0:02:08]} 51. Be8
{[%clk 0:00:33]} d3 {[%clk 0:02:29]} 0-1

[Event "V4Liptov2018"]
[Site "?"]
[Date "2018.06.25"]
[Round "6.2"]
[White "Dylag, Emilia"]
[Black "Krupa, Miroslav"]
[Result "1/2-1/2"]
[BlackElo "2037"]
[WhiteElo "1935"]
[LiveChessVersion "1.4.8"]

1. d4 {[%clk 1:00:57]} d5 {[%clk 1:00:55]} 2. c4 {[%clk 1:01:21]} e6
{[%clk 1:01:20]} 3. Nc3 {[%clk 1:01:43]} Nf6 {[%clk 1:01:46]} 4. cxd5
{[%clk 1:02:04]} exd5 {[%clk 1:02:13]} 5. Bg5 {[%clk 1:02:23]} Be7
{[%clk 1:02:39]} 6. e3 {[%clk 1:02:36]} O-O {[%clk 1:03:02]} 7. Bd3
{[%clk 1:01:06]} c6 {[%clk 1:03:25]} 8. h3 {[%clk 1:01:06]} Nbd7 {[%clk 1:02:56]}
9. Nf3 {[%clk 1:01:01]} Re8 {[%clk 1:03:11]} 10. Qc2 {[%clk 1:01:10]} Nf8
{[%clk 1:01:45]} 11. O-O {[%clk 0:57:55]} Bd6 {[%clk 1:00:04]} 12. Rfe1
{[%clk 0:51:03]} Be6 {[%clk 0:54:03]} 13. Rad1 {[%clk 0:41:04]} Ng6
{[%clk 0:53:00]} 14. e4 {[%clk 0:37:08]} dxe4 {[%clk 0:53:02]} 15. Nxe4
{[%clk 0:37:27]} Be7 {[%clk 0:53:25]} 16. Nc5 {[%clk 0:36:48]} Bxc5
{[%clk 0:46:18]} 17. dxc5 {[%clk 0:36:35]} Qa5 {[%clk 0:45:34]} 18. Bxf6
{[%clk 0:34:16]} gxf6 {[%clk 0:45:54]} 19. Nd2 {[%clk 0:28:20]} Bd5
{[%clk 0:44:21]} 20. Be4 {[%clk 0:21:36]} Rad8 {[%clk 0:32:11]} 21. Re3
{[%clk 0:15:24]} Kg7 {[%clk 0:25:10]} 22. a3 {[%clk 0:10:25]} Re5
{[%clk 0:20:28]} 23. b4 {[%clk 0:09:04]} Qc7 {[%clk 0:20:43]} 24. Rde1
{[%clk 0:07:11]} Rde8 {[%clk 0:16:39]} 25. Bxd5 {[%clk 0:03:52]} Rxe3
{[%clk 0:11:06]} 26. Rxe3 {[%clk 0:03:41]} Rxe3 {[%clk 0:11:31]} 27. fxe3
{[%clk 0:04:05]} cxd5 {[%clk 0:11:57]} 28. Qd3 {[%clk 0:04:00]} Qc6
{[%clk 0:07:49]} 29. Nb3 {[%clk 0:02:45]} Ne5 {[%clk 0:07:34]} 30. Qc3
{[%clk 0:01:34]} Qa4 {[%clk 0:03:37]} 31. Nd4 {[%clk 0:01:26]} Qd1+
{[%clk 0:03:43]} 32. Kh2 {[%clk 0:01:42]} Qf1 {[%clk 0:03:51]} 33. Qc2
{[%clk 0:00:34]} Qe1 {[%clk 0:02:51]} 34. Nf5+ {[%clk 0:00:41]} Kg8
{[%clk 0:02:26]} 35. Ne7+ {[%clk 0:00:45]} Kf8 {[%clk 0:02:21]} 36. Nxd5
{[%clk 0:01:05]} Ng4+ {[%clk 0:01:55]} 37. hxg4 {[%clk 0:00:58]} Qh4+
{[%clk 0:02:21]} 38. Kg1 {[%clk 0:01:15]} Qe1+ {[%clk 0:02:45]} 1/2-1/2

[Event "V4Liptov2018"]
[Site "?"]
[Date "2018.06.25"]
[Round "6.3"]
[White "Ocko, Dominik"]
[Black "Wasik, Mateusz"]
[Result "1-0"]
[BlackElo "1652"]
[WhiteElo "1971"]
[LiveChessVersion "1.4.8"]

1. Nf3 {[%clk 1:01:07]} d5 {[%clk 1:01:03]} 2. e3 {[%clk 1:01:22]} Nf6
{[%clk 1:01:24]} 3. c4 {[%clk 1:01:32]} e6 {[%clk 1:01:36]} 4. b3
{[%clk 1:01:35]} Be7 {[%clk 1:01:54]} 5. Bb2 {[%clk 1:01:36]} O-O
{[%clk 1:01:52]} 6. d4 {[%clk 0:59:36]} Nbd7 {[%clk 1:00:39]} 7. Bd3
{[%clk 0:59:05]} b6 {[%clk 1:00:47]} 8. Nbd2 {[%clk 0:58:20]} Bb7
{[%clk 1:00:53]} 9. O-O {[%clk 0:57:59]} c5 {[%clk 0:55:14]} 10. Rc1
{[%clk 0:53:12]} Ne4 {[%clk 0:53:15]} 11. cxd5 {[%clk 0:52:40]} exd5
{[%clk 0:53:35]} 12. Bb5 {[%clk 0:46:36]} Ndf6 {[%clk 0:48:21]} 13. Ne5
{[%clk 0:45:22]} Rc8 {[%clk 0:46:30]} 14. dxc5 {[%clk 0:40:11]} bxc5
{[%clk 0:41:55]} 15. Nxe4 {[%clk 0:38:21]} Nxe4 {[%clk 0:31:15]} 16. Bd7
{[%clk 0:24:14]} Rc7 {[%clk 0:29:47]} 17. Bf5 {[%clk 0:24:35]} Nd6
{[%clk 0:27:30]} 18. Bb1 {[%clk 0:23:00]} Bf6 {[%clk 0:24:20]} 19. f4
{[%clk 0:22:27]} Re8 {[%clk 0:18:16]} 20. Qc2 {[%clk 0:15:00]} Ne4
{[%clk 0:13:07]} 21. Qe2 {[%clk 0:13:16]} Nd6 {[%clk 0:13:00]} 22. Rfd1
{[%clk 0:09:57]} Qa8 {[%clk 0:08:31]} 23. Qg4 {[%clk 0:02:45]} Bc8
{[%clk 0:08:29]} 24. Qf3 {[%clk 0:01:44]} Bb7 {[%clk 0:08:35]} 25. Qh3
{[%clk 0:00:50]} g6 {[%clk 0:08:41]} 26. Qg3 {[%clk 0:00:51]} Bc8
{[%clk 0:08:14]} 27. Ba3 {[%clk 0:00:35]} Bf5 {[%clk 0:03:28]} 28. Rxc5
{[%clk 0:00:40]} Rxc5 {[%clk 0:03:45]} 29. Bxc5 {[%clk 0:01:06]} Ne4
{[%clk 0:01:44]} 30. Bxe4 {[%clk 0:01:26]} Bxe4 {[%clk 0:02:11]} 31. Bd4
{[%clk 0:01:10]} h5 {[%clk 0:01:52]} 32. Rc1 {[%clk 0:00:45]} Qb7
{[%clk 0:01:40]} 33. Qe1 {[%clk 0:01:01]} Ra8 {[%clk 0:00:48]} 34. Qc3
{[%clk 0:01:01]} a5 {[%clk 0:00:42]} 35. Qc7 {[%clk 0:01:00]} Qxc7
{[%clk 0:00:37]} 36. Rxc7 {[%clk 0:01:25]} Bxe5 {[%clk 0:00:57]} 37. Bxe5
{[%clk 0:01:49]} Bb1 {[%clk 0:00:51]} 38. a3 {[%clk 0:01:36]} Be4
{[%clk 0:00:54]} 39. Rc5 {[%clk 0:01:21]} Kf8 {[%clk 0:00:33]} 40. Bc7
{[%clk 0:01:10]} Rc8 {[%clk 0:00:32]} 41. Bd6+ {[%clk 0:01:36]} Ke8
{[%clk 0:00:40]} 42. Rxc8+ {[%clk 0:02:01]} Kd7 {[%clk 0:01:06]} 43. Ra8
{[%clk 0:02:17]} Kxd6 {[%clk 0:01:06]} 44. Rxa5 {[%clk 0:02:39]} Bd3
{[%clk 0:01:16]} 45. Kf2 {[%clk 0:02:43]} Kc6 {[%clk 0:01:11]} 46. Ke1
{[%clk 0:02:55]} Be4 {[%clk 0:01:25]} 47. g3 {[%clk 0:03:20]} Kb6
{[%clk 0:01:49]} 48. b4 {[%clk 0:03:40]} f6 {[%clk 0:00:38]} 49. Kd2
{[%clk 0:03:57]} g5 {[%clk 0:00:39]} 50. Kc3 {[%clk 0:04:17]} gxf4
{[%clk 0:00:37]} 51. gxf4 {[%clk 0:04:42]} Bf3 {[%clk 0:00:44]} 52. Kd4
{[%clk 0:05:02]} Be4 {[%clk 0:00:39]} 53. Rxd5 {[%clk 0:05:18]} Bxd5
{[%clk 0:01:03]} 54. Kxd5 {[%clk 0:05:45]} 1-0

[Event "V4Liptov2018"]
[Site "?"]
[Date "2018.06.25"]
[Round "6.4"]
[White "Jozefczyk, Szymon"]
[Black "Gresova, Zuzana"]
[Result "1-0"]
[BlackElo "1920"]
[WhiteElo "1643"]
[LiveChessVersion "1.4.8"]

1. e4 {[%clk 1:00:57]} c5 {[%clk 1:00:51]} 2. Nf3 {[%clk 1:00:52]} d6
{[%clk 1:01:10]} 3. d4 {[%clk 1:01:05]} cxd4 {[%clk 1:01:34]} 4. Nxd4
{[%clk 1:01:29]} Nf6 {[%clk 1:01:43]} 5. Nc3 {[%clk 1:01:42]} a6 {[%clk 1:01:48]}
6. f3 {[%clk 1:01:27]} e5 {[%clk 1:00:18]} 7. Nb3 {[%clk 1:01:38]} Be6
{[%clk 0:58:22]} 8. Be3 {[%clk 1:01:02]} Nbd7 {[%clk 0:56:59]} 9. Qd2
{[%clk 1:00:00]} Be7 {[%clk 0:55:50]} 10. O-O-O {[%clk 0:58:22]} O-O
{[%clk 0:53:49]} 11. g4 {[%clk 0:57:09]} b5 {[%clk 0:53:36]} 12. h4
{[%clk 0:55:56]} Nb6 {[%clk 0:51:29]} 13. Kb1 {[%clk 0:52:07]} b4
{[%clk 0:48:09]} 14. Bxb6 {[%clk 0:40:33]} Qxb6 {[%clk 0:42:52]} 15. Ne2
{[%clk 0:34:12]} a5 {[%clk 0:40:12]} 16. Nbc1 {[%clk 0:29:25]} a4
{[%clk 0:37:34]} 17. b3 {[%clk 0:23:58]} axb3 {[%clk 0:33:32]} 18. cxb3
{[%clk 0:22:56]} Rfc8 {[%clk 0:28:38]} 19. h5 {[%clk 0:21:17]} Nd7
{[%clk 0:25:59]} 20. g5 {[%clk 0:17:21]} Qa5 {[%clk 0:12:46]} 21. Bh3
{[%clk 0:14:50]} Bxg5 {[%clk 0:02:59]} 22. f4 {[%clk 0:05:32]} Bxh3
{[%clk 0:01:56]} 23. fxg5 {[%clk 0:01:53]} Bg2 {[%clk 0:01:26]} 24. Rh4
{[%clk 0:00:45]} Nc5 {[%clk 0:01:18]} 25. Ng3 {[%clk 0:00:34]} Bf3
{[%clk 0:00:40]} 26. Rf1 {[%clk 0:00:48]} Nxe4 {[%clk 0:00:47]} 27. Nxe4
{[%clk 0:01:04]} d5 {[%clk 0:00:46]} 28. Nf6+ {[%clk 0:00:54]} Kh8
{[%clk 0:00:42]} 29. Rxf3 {[%clk 0:00:54]} e4 {[%clk 0:00:46]} 30. Nxe4
{[%clk 0:00:44]} dxe4 {[%clk 0:00:36]} 31. Rxe4 {[%clk 0:01:11]} Qa3
{[%clk 0:00:36]} 32. Rf1 {[%clk 0:00:54]} Qa6 {[%clk 0:00:49]} 33. Rfe1
{[%clk 0:01:05]} Qc6 {[%clk 0:00:54]} 34. Rc4 {[%clk 0:01:17]} Qb5
{[%clk 0:00:53]} 35. Rd1 {[%clk 0:00:47]} Qf5+ {[%clk 0:01:00]} 36. Ka1
{[%clk 0:00:38]} Qe5+ {[%clk 0:01:10]} 37. Kb1 {[%clk 0:01:03]} Qf5+
{[%clk 0:01:06]} 38. Qd3 {[%clk 0:01:17]} Qxg5 {[%clk 0:00:41]} 39. Rxc8+
{[%clk 0:01:42]} Rxc8 {[%clk 0:01:02]} 40. Qd7 {[%clk 0:01:58]} Ra8
{[%clk 0:00:59]} 41. Qd5 {[%clk 0:02:15]} Qxd5 {[%clk 0:00:51]} 42. Rxd5
{[%clk 0:02:43]} Rb8 {[%clk 0:00:43]} 43. Nd3 {[%clk 0:02:44]} h6
{[%clk 0:00:42]} 44. Rd4 {[%clk 0:02:59]} g6 {[%clk 0:01:01]} 45. hxg6
{[%clk 0:02:56]} fxg6 {[%clk 0:01:23]} 46. Rxb4 {[%clk 0:03:20]} Rxb4
{[%clk 0:01:35]} 47. Nxb4 {[%clk 0:03:46]} h5 {[%clk 0:01:40]} 48. Nd3
{[%clk 0:04:07]} g5 {[%clk 0:01:39]} 49. Kc2 {[%clk 0:04:32]} g4 {[%clk 0:01:50]}
50. Kd2 {[%clk 0:04:57]} h4 {[%clk 0:02:00]} 51. Nf2 {[%clk 0:05:02]} g3
{[%clk 0:01:53]} 52. Nh3 {[%clk 0:05:27]} 1-0

[Event "V4Liptov2018"]
[Site "?"]
[Date "2018.06.25"]
[Round "6.5"]
[White "Kuchar, Matej"]
[Black "Demko, Robert"]
[Result "0-1"]
[BlackElo "1806"]
[WhiteElo "2174"]
[LiveChessVersion "1.4.8"]

1. e4 {[%clk 1:00:50]} c5 {[%clk 1:00:55]} 2. Nf3 {[%clk 1:01:18]} d6
{[%clk 1:01:20]} 3. d4 {[%clk 1:01:45]} cxd4 {[%clk 1:01:46]} 4. Nxd4
{[%clk 1:02:14]} Nf6 {[%clk 1:02:07]} 5. Nc3 {[%clk 1:02:39]} Nc6
{[%clk 1:02:32]} 6. Be2 {[%clk 1:02:41]} e5 {[%clk 1:02:47]} 7. Nf3
{[%clk 1:03:08]} h6 {[%clk 1:03:12]} 8. O-O {[%clk 1:03:30]} Be7 {[%clk 1:03:26]}
9. b3 {[%clk 1:03:47]} O-O {[%clk 1:03:32]} 10. Bb2 {[%clk 1:03:53]} Be6
{[%clk 1:03:22]} 11. Re1 {[%clk 1:03:20]} a6 {[%clk 1:02:12]} 12. a4
{[%clk 0:59:20]} Rc8 {[%clk 0:59:39]} 13. Nd2 {[%clk 0:46:59]} d5
{[%clk 0:56:25]} 14. exd5 {[%clk 0:45:26]} Nxd5 {[%clk 0:56:42]} 15. Nxd5
{[%clk 0:45:41]} Bxd5 {[%clk 0:56:58]} 16. Nf3 {[%clk 0:39:36]} e4
{[%clk 0:46:16]} 17. Nd4 {[%clk 0:29:33]} f5 {[%clk 0:45:11]} 18. c4
{[%clk 0:11:47]} Nxd4 {[%clk 0:45:12]} 19. Qxd4 {[%clk 0:11:32]} Bf6
{[%clk 0:45:37]} 20. Qxd5+ {[%clk 0:11:01]} Qxd5 {[%clk 0:46:01]} 21. cxd5
{[%clk 0:11:56]} Bxb2 {[%clk 0:46:51]} 22. Rad1 {[%clk 0:11:45]} Rfd8
{[%clk 0:45:10]} 23. Bc4 Rd6 {[%clk 0:44:47]} 24. Kf1 {[%clk 0:09:00]} Kf7
{[%clk 0:44:14]} 25. Re2 {[%clk 0:09:01]} Bc3 {[%clk 0:42:09]} 26. Re3
{[%clk 0:07:42]} Ba5 {[%clk 0:40:10]} 27. Re2 {[%clk 0:04:14]} Kf6
{[%clk 0:40:09]} 28. f3 {[%clk 0:04:13]} Re8 {[%clk 0:26:03]} 29. fxe4
{[%clk 0:03:05]} Rxe4 {[%clk 0:24:31]} 30. Kf2 {[%clk 0:01:44]} Rf4+
{[%clk 0:20:52]} 31. Kg3 {[%clk 0:01:49]} g5 {[%clk 0:20:04]} 32. h3
{[%clk 0:00:59]} Bc7 {[%clk 0:18:57]} 33. Kh2 {[%clk 0:00:42]} Rxc4
{[%clk 0:18:44]} 34. bxc4 {[%clk 0:00:44]} Rxd5+ {[%clk 0:19:08]} 35. Kg1
{[%clk 0:00:59]} Rxd1+ {[%clk 0:19:34]} 36. Kf2 {[%clk 0:01:21]} Bb6+
{[%clk 0:19:41]} 37. Kf3 {[%clk 0:01:40]} Rf1+ {[%clk 0:20:05]} 0-1

[Event "V4Liptov2018"]
[Site "?"]
[Date "2018.06.25"]
[Round "6.6"]
[White "Ochmyt, Jakub"]
[Black "Vantuch, Lucian"]
[Result "1/2-1/2"]
[BlackElo "1956"]
[WhiteElo "1787"]
[LiveChessVersion "1.4.8"]

1. d4 {[%clk 1:00:56]} Nf6 {[%clk 1:00:56]} 2. Nf3 {[%clk 1:01:12]} e6
{[%clk 1:01:18]} 3. Bg5 {[%clk 1:01:28]} h6 {[%clk 1:01:27]} 4. Bh4
{[%clk 1:00:51]} d6 {[%clk 1:00:40]} 5. Nbd2 {[%clk 1:00:43]} Nbd7
{[%clk 1:00:14]} 6. e3 {[%clk 0:59:42]} g5 {[%clk 0:59:24]} 7. Bg3
{[%clk 0:59:09]} b6 {[%clk 0:59:19]} 8. Bd3 {[%clk 0:57:43]} Bb7 {[%clk 0:59:07]}
9. h3 {[%clk 0:57:27]} Qe7 {[%clk 0:56:58]} 10. Qe2 {[%clk 0:56:12]} O-O-O
{[%clk 0:55:18]} 11. Ba6 {[%clk 0:54:11]} Nh5 {[%clk 0:53:58]} 12. Bxb7+
{[%clk 0:53:01]} Kxb7 {[%clk 0:54:20]} 13. Bh2 {[%clk 0:51:38]} f5
{[%clk 0:52:40]} 14. O-O-O {[%clk 0:44:18]} Nhf6 {[%clk 0:52:11]} 15. Nc4
{[%clk 0:41:00]} Bg7 {[%clk 0:46:32]} 16. Rd3 {[%clk 0:37:58]} Nb8
{[%clk 0:42:33]} 17. Ra3 {[%clk 0:36:10]} Ne4 {[%clk 0:42:20]} 18. Nfd2
{[%clk 0:35:11]} Rhf8 {[%clk 0:40:14]} 19. f3 {[%clk 0:34:40]} Nxd2
{[%clk 0:39:21]} 20. Qxd2 {[%clk 0:34:25]} e5 {[%clk 0:38:34]} 21. d5
{[%clk 0:34:13]} e4 {[%clk 0:38:06]} 22. f4 {[%clk 0:34:00]} a6 {[%clk 0:32:52]}
23. Qb4 {[%clk 0:27:40]} Kc8 {[%clk 0:32:37]} 24. Rd1 Qd7 {[%clk 0:29:03]} 25.
fxg5 {[%clk 0:25:47]} Qb5 {[%clk 0:13:16]} 26. Qxb5 {[%clk 0:22:20]} axb5
{[%clk 0:13:40]} 27. gxh6 {[%clk 0:22:28]} Bxh6 {[%clk 0:13:54]} 28. Nd2
{[%clk 0:22:07]} Kb7 {[%clk 0:13:52]} 29. Rf1 {[%clk 0:19:18]} Nd7
{[%clk 0:14:07]} 30. Rb3 {[%clk 0:19:05]} Nc5 {[%clk 0:14:09]} 31. Rxb5
{[%clk 0:17:30]} Bxe3 {[%clk 0:14:31]} 32. Bf4 {[%clk 0:17:33]} Bxf4
{[%clk 0:13:11]} 33. Rxf4 {[%clk 0:18:02]} Rg8 {[%clk 0:11:38]} 34. g4
{[%clk 0:16:29]} fxg4 {[%clk 0:11:47]} 35. hxg4 {[%clk 0:16:45]} Rdf8
{[%clk 0:12:03]} 36. Rxf8 {[%clk 0:14:47]} Rxf8 {[%clk 0:12:28]} 37. Kd1
{[%clk 0:15:03]} Rg8 {[%clk 0:12:11]} 38. Nb3 {[%clk 0:14:20]} Nxb3
{[%clk 0:11:58]} 39. Rxb3 {[%clk 0:14:41]} Rxg4 {[%clk 0:12:06]} 40. Re3
{[%clk 0:14:56]} c6 {[%clk 0:11:09]} 1/2-1/2

[Event "V4Liptov2018"]
[Site "?"]
[Date "2018.06.25"]
[Round "6.7"]
[White "Frank, Adam"]
[Black "Fizer, Marek"]
[Result "1-0"]
[BlackElo "1624"]
[WhiteElo "1993"]
[LiveChessVersion "1.4.8"]

1. e4 {[%clk 1:00:58]} c5 {[%clk 1:00:52]} 2. Nf3 {[%clk 1:01:26]} d6
{[%clk 1:01:14]} 3. d4 {[%clk 1:01:53]} cxd4 {[%clk 1:01:36]} 4. Nxd4
{[%clk 1:02:21]} Nf6 {[%clk 1:02:00]} 5. Nc3 {[%clk 1:02:47]} Nc6
{[%clk 1:02:20]} 6. Bg5 {[%clk 1:03:14]} e6 {[%clk 1:02:02]} 7. Qd2
{[%clk 1:03:23]} a6 {[%clk 1:02:20]} 8. f3 {[%clk 1:03:58]} Bd7 {[%clk 1:01:51]}
9. O-O-O {[%clk 1:03:45]} b5 {[%clk 1:01:21]} 10. Nxc6 {[%clk 1:03:32]} Bxc6
{[%clk 1:00:43]} 11. g4 {[%clk 1:03:05]} b4 {[%clk 0:54:04]} 12. Ne2
{[%clk 1:02:11]} a5 {[%clk 0:54:14]} 13. Nd4 {[%clk 1:02:08]} Bd7
{[%clk 0:50:40]} 14. Nb5 {[%clk 1:00:37]} Rc8 {[%clk 0:41:14]} 15. Nxd6+
{[%clk 0:53:54]} Bxd6 {[%clk 0:40:09]} 16. Qxd6 {[%clk 0:54:19]} Nxe4
{[%clk 0:40:28]} 17. Bxd8 {[%clk 0:52:43]} Nxd6 {[%clk 0:40:52]} 18. Bxa5
{[%clk 0:52:47]} b3 {[%clk 0:38:00]} 19. axb3 {[%clk 0:51:49]} Ra8
{[%clk 0:35:17]} 20. Rxd6 {[%clk 0:49:17]} Rxa5 {[%clk 0:35:39]} 21. Ra6
{[%clk 0:49:40]} Rxa6 {[%clk 0:35:41]} 22. Bxa6 {[%clk 0:50:05]} Ke7
{[%clk 0:36:06]} 23. Kd2 {[%clk 0:49:36]} Rd8 {[%clk 0:35:20]} 24. Bd3
{[%clk 0:49:32]} h6 {[%clk 0:34:54]} 25. Ra1 {[%clk 0:49:30]} Kf6
{[%clk 0:34:17]} 26. h4 {[%clk 0:49:03]} Bc6 {[%clk 0:32:43]} 27. Ke3
{[%clk 0:48:46]} g5 {[%clk 0:30:29]} 28. h5 {[%clk 0:48:59]} Ke5 {[%clk 0:27:21]}
29. Ra6 {[%clk 0:42:10]} Bb7 {[%clk 0:24:35]} 30. Ra7 {[%clk 0:42:02]} Rb8
{[%clk 0:20:59]} 31. Be4 {[%clk 0:39:30]} Bxe4 {[%clk 0:19:47]} 32. fxe4
{[%clk 0:39:57]} Rb4 {[%clk 0:19:22]} 33. Ra5+ {[%clk 0:39:17]} 1-0

[Event "V4Liptov2018"]
[Site "?"]
[Date "2018.06.25"]
[Round "6.8"]
[White "Fizerova, Lucie"]
[Black "Laurincova, Kristyna"]
[Result "0-1"]
[BlackElo "1953"]
[WhiteElo "1598"]
[LiveChessVersion "1.4.8"]

1. e4 {[%clk 1:00:58]} c5 {[%clk 1:00:56]} 2. b4 {[%clk 1:01:24]} cxb4
{[%clk 1:01:17]} 3. a3 {[%clk 1:01:48]} d5 {[%clk 1:01:38]} 4. e5
{[%clk 1:02:08]} Nc6 {[%clk 1:01:30]} 5. d4 {[%clk 1:02:24]} Qb6 {[%clk 0:59:27]}
6. Be3 {[%clk 1:01:35]} Bf5 {[%clk 0:59:13]} 7. Nf3 {[%clk 1:00:26]} e6
{[%clk 0:58:53]} 8. Nh4 {[%clk 0:59:03]} Be4 {[%clk 0:56:30]} 9. f3
{[%clk 0:58:55]} Bg6 {[%clk 0:52:56]} 10. Nxg6 {[%clk 0:59:13]} hxg6
{[%clk 0:53:13]} 11. axb4 {[%clk 0:58:26]} Nxe5 {[%clk 0:51:25]} 12. c3
{[%clk 0:56:52]} Nf6 {[%clk 0:49:24]} 13. Qa4+ {[%clk 0:56:08]} Nc6
{[%clk 0:46:14]} 14. Bd3 {[%clk 0:52:41]} Bd6 {[%clk 0:45:54]} 15. h3
{[%clk 0:51:50]} O-O {[%clk 0:43:36]} 16. Kd2 {[%clk 0:47:31]} Qc7
{[%clk 0:42:02]} 17. Na3 {[%clk 0:46:29]} Bf4 {[%clk 0:41:50]} 18. Nc2
{[%clk 0:46:38]} Bxe3+ {[%clk 0:41:15]} 19. Nxe3 {[%clk 0:46:57]} Qg3
{[%clk 0:41:13]} 20. Raf1 {[%clk 0:41:31]} Nh5 {[%clk 0:40:26]} 21. Qc2
{[%clk 0:37:13]} Rac8 {[%clk 0:40:10]} 22. Qb2 {[%clk 0:34:57]} Rfd8
{[%clk 0:40:11]} 23. f4 {[%clk 0:34:05]} Nxf4 {[%clk 0:39:47]} 24. Rf3
{[%clk 0:34:15]} Nxd3 {[%clk 0:39:18]} 25. Kxd3 {[%clk 0:34:04]} Qh4
{[%clk 0:39:23]} 26. Rhf1 {[%clk 0:33:22]} Rd7 {[%clk 0:38:31]} 27. Rf4
{[%clk 0:32:05]} Qd8 {[%clk 0:38:22]} 28. Qf2 {[%clk 0:29:39]} Qc7
{[%clk 0:36:33]} 29. Qc2 {[%clk 0:22:32]} e5 {[%clk 0:35:29]} 30. dxe5
{[%clk 0:21:00]} d4 {[%clk 0:33:03]} 31. cxd4 {[%clk 0:20:23]} Nxb4+
{[%clk 0:33:24]} 0-1

[Event "V4Liptov2018"]
[Site "?"]
[Date "2018.06.25"]
[Round "6.9"]
[White "Sandor, Martin"]
[Black "Galuszka, Tomasz"]
[Result "1/2-1/2"]
[BlackElo "1991"]
[WhiteElo "1984"]
[LiveChessVersion "1.4.8"]

1. e4 {[%clk 1:00:58]} c6 {[%clk 1:00:55]} 2. Nf3 {[%clk 1:00:50]} d5
{[%clk 1:01:09]} 3. Nc3 {[%clk 1:00:59]} Bg4 {[%clk 1:01:17]} 4. h3
{[%clk 1:01:24]} Bxf3 {[%clk 1:01:37]} 5. Qxf3 {[%clk 1:01:34]} e6
{[%clk 1:01:46]} 6. exd5 {[%clk 1:00:18]} cxd5 {[%clk 1:01:59]} 7. d4
{[%clk 0:52:53]} Nc6 {[%clk 0:57:25]} 8. Bb5 {[%clk 0:51:19]} Rc8
{[%clk 0:57:24]} 9. O-O {[%clk 0:49:17]} Nf6 {[%clk 0:56:14]} 10. Ne2
{[%clk 0:47:31]} a6 {[%clk 0:55:49]} 11. Bd3 {[%clk 0:45:39]} Nb4
{[%clk 0:55:40]} 12. c3 {[%clk 0:45:08]} Nxd3 {[%clk 0:56:04]} 13. Qxd3
{[%clk 0:45:35]} Be7 {[%clk 0:56:11]} 14. Bf4 {[%clk 0:44:51]} O-O
{[%clk 0:56:17]} 15. Rfe1 {[%clk 0:37:25]} Ne4 {[%clk 0:52:34]} 16. Ng3
{[%clk 0:36:19]} Nd6 {[%clk 0:51:46]} 17. Bxd6 {[%clk 0:36:19]} Bxd6
{[%clk 0:51:54]} 18. Ne2 {[%clk 0:33:33]} Qg5 {[%clk 0:50:00]} 19. Rf1
{[%clk 0:30:33]} Qg6 {[%clk 0:49:55]} 20. Qd2 {[%clk 0:29:49]} b5
{[%clk 0:49:46]} 21. a3 {[%clk 0:26:30]} a5 {[%clk 0:48:28]} 22. f4
{[%clk 0:24:58]} Qf6 {[%clk 0:43:47]} 23. Qd3 {[%clk 0:21:59]} Qf5
{[%clk 0:39:41]} 24. Rad1 {[%clk 0:13:09]} Qxd3 {[%clk 0:38:19]} 1/2-1/2